000 00944nam a2200301 i 4500
003 EG-GICUC
005 20260424214739.0
008 260424s1983 fr ||||f |||| 00| 0 fre d
040 _aEG-GiCUC
_bfre
_cEG-GiCUC
_dEG-GiCUC
_eRda
041 _afre
082 0 4 _221
_a343.6
_bPI . C
092 0 4 _221
099 _aLaw110 343.6 PI . C 1983 1010869 C1
100 1 _aPicca, Georges
_eAuteur
245 1 0 _aQue Sais-je ? La Criminologie /
_cPar Georges Picca.
264 1 _aParis :
_bPresses Universitaires,
_c1983.
300 _a127 pages ;
_c24 cm.
336 _2rda contenu
_a texte
337 _2rda medias
_aOrdinateur
338 _2 transporteur rda
_a Ressource en ligne
546 _aTexte en français
650 1 4 _aCriminologie
650 1 4 _aDroit pénal
_2qrmak
651 1 _aRomânia
_xLegi și legislație
_2qrmak
856 4 0 _uhttps://fll.law.cu.edu.eg/fulltext/bks/B10-10869.pdf
905 _a164
942 _2ddc
_n0
_cBK
_e21
999 _c73289
_d73289